Science Quiz

Random Science Quiz

Pentose Phosphate Pathway Quiz Stats

 Plays Quiz not verified by Sporcle

Support Sporcle.
Go Orange.
Score 0/17 Timer 10:00
0 Plays Today
Substrate or Enzyme? Substrate % Correct
SubstrateGlucose 6-Phosphate
99%
EnzymeGlucose 6-Phosphate dehydrogenase
87.6%
SubstrateRibulose 5-phosphate
56.5%
Substrate6-phosphogluconate
51.7%
EnzymeLactonase
42.6%
Enzyme6-Phosphogluconate dehydrogenase
40.7%
EnzymeTransketolase
28.7%
EnzymeTransketolase
28.7%
EnzymeTransaldolase
26.3%
Substrate or Enzyme? Substrate % Correct
Substrate6-phosphoglucono-∂-lactone
19.6%
SubstrateRibose 5-phosphate and Xylulose 5-phosphate
18.7%
EnzymePhosphopentose isomerase and Phosphopentose epimerase
17.2%
SubstrateSedoheptulose 7-phosphate + Glyceraldehyde 3-phosphate
13.9%
SubstrateFructose 6-phosphate + Erythrose 4-phosphate
13.9%
SubstrateXylulose 5-phosphate + Erythrose 4-phosphate
12.9%
SubstrateFructose 6-phosphate + Glyceraldehyde 3-phosphate
12.9%
6.2%

You're not logged in!

Compare scores with friends on all Sporcle quizzes.
OR
Log In

From the Vault

Code Cracker! XXIX

by hockeystix3

For an added challenge, try to eat 29 crackers while playing this.
Remove Ads.
Support Sporcle.
Get the best of Sporcle when you Go Orange. This ad-free experience offers more features, more stats, and more fun while also helping to support Sporcle. Thank you for becoming a member.

Show Comments

Extras

Created Oct 5, 2013ReportNominate
Tags:Biochemistry

Top Quizzes Today


Score Distribution

Your Account Isn't Verified!

In order to create a playlist on Sporcle, you need to verify the email address you used during registration. Go to your Sporcle Settings to finish the process.

Report this User

Report this user for behavior that violates our Community Guidelines.

Details: